000 00720nam a22003017a 4500
005 20250718152343.0
008 170828b2013 xxu||||| |||| 00| 0 spa d
020 _a9786074483338
041 _aESP
082 _a362.299 G643c
100 _aGonzález Garrido, Andrés
_944002
245 _aCerebro y drogas
260 _aMéxico
260 _bManual Moderno
260 _c2013
300 _a196 páginas
490 _aTemática General
650 _aDROGAS
650 _aCEREBRO
650 _aADICIONES
650 _aCONDUCTA ADICTIVA
650 _aEFECTO PRENATAL
650 _aALCOHOLISMO
650 _aTABAQUISMO
650 _aDROGAS PSICOESTIMULANTES
650 _aSUCIDIO
942 _cBK
_2ddc
999 _c9809
_d9809